000 00644nam a2200217Ii 4500
001 20601
003 CO-ViMGA
008 241108s9999||||xx |||||||||||||| ||und||
020 _a9789584698643
040 _aCO-ViMGA
_bspa
_erda
_cCO-ViMGA
041 0 _aspa
082 0 4 _a362.76 S34cu
100 1 _aFanny Silva Rodríguez
_946707
245 1 0 _aCuenta eso mi héroe :
_babuso sexual infantil
264 1 _aBogotá, Colombia : Editorial Kimpres, 2016
300 _avolumen
336 _atext
_btxt
_2rdacontent
337 _aunmediated
_bn
_2rdamedia
338 _avolume
_bnc
_2rdacarrier
940 _aidficha_siabuc: 20255. -- ficha_no_siabuc:20601
999 _c41277
_d41277